| 000 | 00520 a2200193 4500 | ||
|---|---|---|---|
| 020 | _a0071115625 | ||
| 040 |
_aDLC _bDLC |
||
| 082 | _a547 | ||
| 100 | 1 | _aCarey, Francis A. | |
| 245 | 1 | 0 |
_aOrganic chemistry _cFrancis A. Carey |
| 250 | _a6. ed. | ||
| 260 |
_aBoston : _bMcGraw-Hill, _cc2006. |
||
| 300 |
_a1271, 63, 22, 29 p. : _bill. , diagr. |
||
| 500 | _aMcGraw-Hill international edition | ||
| 650 | 0 | _aChemistry, Organic. | |
| 650 | 0 | _aOrganisk kemi. | |
| 650 | 0 | _aChemistry, Organic. | |
| 942 |
_cBK _k547 CAR _2ddc |
||
| 999 |
_c7367 _d7367 |
||